Normal view MARC view

Entry Personal Name

Number of records used in: 1

001 - CONTROL NUMBER

  • control field: 31938

003 - CONTROL NUMBER IDENTIFIER

  • control field: dpl

005 - DATE AND TIME OF LATEST TRANSACTION

  • control field: 20110808162354.0

008 - FIXED-LENGTH DATA ELEMENTS

  • fixed length control field: 110808|||a|||||| | ||| d

040 ## - CATALOGING SOURCE

  • Original cataloging agency: dpl
  • Transcribing agency: dpl

100 ## - HEADING--PERSONAL NAME

  • Personal name: सेन गुप्ता, सुभद्रा

670 ## - SOURCE DATA FOUND

  • Source citation: Work cat.: (dpl)54864: सेन गुप्ता, सुभद्रा, लाल पाल का जहाज़ /, 2010

670 ## - SOURCE DATA FOUND

  • Source citation: Work cat.: (dpl)54864: सेन गुप्ता, सुभद्रा, लाल पाल का जहाज़ /, 2010

© Delhi Public Library
Hit Counter
free hit counter